000 00495nam a2200181Ia 4500
001 9656
005 20260306161734.0
008 260306t2005||||xx |||||||||||||| ||spa||
041 _aESP
082 _a388.1
_bC14
100 _aCáceres Angulo, Luis Ernesto
_eAUT
245 0 _aCarretera interoceánica Perú-Brasil:
_breto histórico por la integración y el desarrollo
260 _c2005
300 _a142 páginas :
_c29 cm.
650 _aGEN
654 _aCAN
942 _cLIB
_dJUS
_fJUS
_2ddc
_n
999 _c9656
_d9656